000 01443cam a22003977a 4500
003 CHAP
005 20220329141408.0
008 971013s1987 r 00010 d
010 _a67479
011 _a68451
035 _a77923
040 _cCHAP
082 _a664.8
_bE52
111 0 0 _aEncuentro Hispano Mexicano sobre Conservación y Comercialización de Alimentos Perecederos
_d(1987 :
_cGuadalajara, Jal.)
_936798
245 0 _aPonencias
260 _aMéxico :
_bTECNIBERIA,
_c1987
300 _a256 p.
590 _aBATCH-UPD
_b10
_c20130110
_lUCH01
_h0837
590 _aBATCH-UPD
_b10
_c20130410
_lUCH01
_h0516
590 _aBATCH-UPD
_b10
_c20130914
_lUCH01
_h0148
590 _aBATCH-UPD
_b10
_c20130914
_lUCH01
_h1909
590 _aCONVERSION
_b10
_c20130109
_lUCH01
_h1337
650 1 4 _aAlimentos
_xConservación.
_94179
650 1 4 _aAlimentos
_xMercadeo.
_94245
650 1 4 _aCarne
_xConservación.
_919066
650 1 4 _aFrigoríficos.
_943317
650 1 4 _aFruta
_xConservación.
_943602
650 1 4 _aLegumbres
_xConservación.
_965696
650 1 4 _aPescado
_xConservación.
_987445
710 0 _aFondo para el Desarrollo Comercial. México.
_942127
901 _aBK
942 _cLIBRO
949 _a664.8 E52
_bBC
_cLIBRO
_d33724000115382
_eLIBRO
_h73822
_i77923
_mD
_si
949 _a664.8 E52
_bBC
_cLIBRO
_d33724000115390
_eLIBRO
_fc.3
_h80494
_i77923
_si
949 _a664.8 E52
_bBC
_cLIBRO
_d33724002206074
_eLIBRO
_fc.2
_h73923
_i77923
_mD
_si
999 _c67479
_d67479